000 01500nam a22003257a 4500
999 _c3879
_d3879
001 508447
003 GBCCL
005 20241126110506.0
008 851017r19851952tnu d 001 0 eng
010 _a 85217068
_z 85002913
020 _a084075387X
040 _aDLC
_cDLC
_dDLC
050 0 0 _aBS537
_b.E96 1985b
082 0 0 _a220.440321
_219
_bEXP
245 0 3 _aAn Expository dictionary of Biblical words /
_cby W.E. Vine, Merrill F. Unger, William White.
260 _aNashville :
_bNelson,
_cc1985.
300 _axviii, 319, xii, 755 p. ;
_c25 cm.
500 _aFirst work originally published: Nelson's expository dictionary of the Old Testament / edited by Merrill F. Unger, William White, Jr. Nashville, Tenn. : T. Nelson, c1980.
500 _aSecond work originally published: An expository dictionary of New Testament words / by W.E. Vine. Old Tappan, N.J. : F.H. Revell, 1952.
500 _aIncludes indexes.
630 0 0 _aBible
_xLanguage, style
_xDictionaries.
_99831
650 0 _aEnglish language
_xDictionaries
_xHebrew.
_93619
650 0 _aEnglish language
_xDictionaries
_xGreek.
_99832
700 1 _aVine, W. E.
_q(William Edwy),
_d1873-1949.
_95890
700 1 _aUnger, Merrill Frederick,
_d1909-
_9957
700 1 2 _aVine, W. E.
_q(William Edwy),
_d1873-1949.
_tExpository dictionary of New Testament words.
_f1985.
_99833
730 0 2 _aNelson's expository dictionary of the Old Testament.
_f1985.
_99834
906 _a7
_bcbc
_corignew
_d2
_encip
_f19
_gy-gencatlg
942 _2ddc
_cREF